LEADER 03046nam 2200709 a 450 001 9910449893803321 005 20200520144314.0 010 $a1-280-45191-2 010 $a9786610451913 010 $a1-4593-0248-6 010 $a0-660-18462-1 035 $a(CKB)1000000000008711 035 $a(EBL)228109 035 $a(OCoLC)171271697 035 $a(SSID)ssj0000285721 035 $a(PQKBManifestationID)11227460 035 $a(PQKBTitleCode)TC0000285721 035 $a(PQKBWorkID)10320741 035 $a(PQKB)11410906 035 $a(MiAaPQ)EBC228109 035 $a(CaPaEBR)404752 035 $a(CaBNvSL)gtp00521076 035 $a(Au-PeEL)EBL228109 035 $a(CaPaEBR)ebr10006181 035 $a(OCoLC)936893639 035 $a(EXLCZ)991000000000008711 100 $a20001006d2000 ua 0 101 0 $aeng 135 $aur|n|---||||| 181 $ctxt 182 $cc 183 $acr 200 10$aWorkshop on Rebuilding Abalone Stocks in British Columbia$b[electronic resource] /$fedited by Alan Campbell 210 $aOttawa $cNRC Research Press$dc2000 215 $a1 online resource (173 p.) 225 1 $aCanadian special publication of fisheries and aquatic sciences ;$v130 300 $a"An international Workshop on Rebuilding Abalone Stocks in British Columbia was held during February 23-26, 1999, in Nanaimo, British Columbia, Canada"--Abstract. 300 $aIssued by the National Research Council of Canada. 311 $a0-660-18292-0 320 $aIncludes bibliographical references. 327 $aCover page; Publishing information; Title page; Copyright; Contents; Abstract / Resume; List of particpants; Acknowledgments; Preface; Introductory Perspectives; Status of Abalone Fisheries; Experiences in Rebuilding Abalone Stocks; Additional Pieces of the Rebuilding Puzzle; Summary of Rebuilding Strategy; Appendix 1. Program agenda; Appendix 2. The abalone song 330 $aAn international Workshop on Rebuilding Abalone Stocks in British Columbia was held during February 23-26, 1999, in Nanaimo, British Columbia, Canada. The main goal of the workshop was to develop a realistic strategy to rehabilitate depleted northern (pinto) abalone, Haliotis kamtschatkana, stocks in British Columbia. 410 0$aCanadian special publication of fisheries and aquatic sciences ;$v130. 606 $aAbalone fisheries$vCongresses 606 $aAbalone culture$vCongresses 606 $aAbalones$vCongresses 606 $aAbalone fisheries$zBritish Columbia$vCongresses 608 $aElectronic books. 615 0$aAbalone fisheries 615 0$aAbalone culture 615 0$aAbalones 615 0$aAbalone fisheries 676 $a639/.4832 701 $aCampbell$b Alan$f1944-$0988448 712 02$aNational Research Council Canada. 801 0$bMiAaPQ 801 1$bMiAaPQ 801 2$bMiAaPQ 906 $aBOOK 912 $a9910449893803321 996 $aWorkshop on Rebuilding Abalone Stocks in British Columbia$92260271 997 $aUNINA LEADER 05601nam 2200685 450 001 9910787599403321 005 20230807213545.0 010 $a3-03826-790-2 035 $a(CKB)3710000000355432 035 $a(EBL)1953202 035 $a(SSID)ssj0001550542 035 $a(PQKBManifestationID)16166349 035 $a(PQKBTitleCode)TC0001550542 035 $a(PQKBWorkID)14811216 035 $a(PQKB)10221625 035 $a(Au-PeEL)EBL1953202 035 $a(CaPaEBR)ebr11018226 035 $a(OCoLC)903858571 035 $a(MiAaPQ)EBC1953202 035 $a(EXLCZ)993710000000355432 100 $a20150217h20152015 uy| 0 101 0 $aeng 135 $aur|n|---||||| 181 $ctxt 182 $cc 183 $acr 200 10$aAdvanced printing and packaging materials and technologies $eselected, peer reviewed papers from the 2014 3rd China Academic Conference on Printing and Packaging, October 24-25, 2014, Beijing, China /$fedited by Ouyang Yun, Xu Min, Yang Li and Liu Xunting 210 1$aPfaffikon, Switzerland :$cTrans Tech Publications,$d[2015] 210 4$dİ2015 215 $a1 online resource (610 p.) 225 1 $aApplied mechanics and materials ;$vvolume 731 300 $aDescription based upon print version of record. 311 $a3-03835-404-X 320 $aIncludes bibliographical references and index. 327 $aAdvanced Printing and Packaging Materials and Technologies; Preface, Committees and Sponsors; Table of Contents; Chapter 1: Color and Optical Science and Technology; Study on Theoretical Color Model under Multilevel Halftoning; Improvement of JPEG for Color Images by Incorporation of CAM02-UCS and Cubic Spline Interpolation; Physical Measurement and Spectral Reproduction of Human Skin Color; Spectral Separation Method for Multi-Ink Printers Based on Color Constancy; Evaluation of Color Rendering Index for LED and Fluorescent Light Sources 327 $aResearch on Multi-Color Separation Model Based on Polynomial RegressionAccuracy Comparison of Application of Two Kinds of Cellular Neugebauer Models on Multicolor Separation; A Color Management Solution for Mobile Terminal Based on ICC Mechanism; A Scan-Digitizing Algorithm of the Printed Original Based on Use of Near-Neutral Scales; A LCD Color Calibration Model Based on Gamut-Division Algorithm; Research on Color Reproduction on the Internet Based on Profile Embedding; A Gamut Compression Algorithm Based on the Image Spatial Characteristics 327 $aColor Measurement and Analysis Based on the Konica Minolta Bizhub Pro C6501 Digital PressEvaluation of Device Color Gamut Description Algorithms; Digital Color Appearance Evaluation System; A Spectral Improved Neugebauer Equation Model; Research on Color Reproduction Characteristics of Mobile Terminals; Ink Spectrum Data Feature Extraction Research; Research on Visual Performance under Different Lighting Environments of LED Light Sources; Optimal Experiment Designs of Color File Based on the Tetrahedron Interpolation Algorithm 327 $aA Kind of Color Calculation Method of Light Beam Hologram Papers PressworkStudy of Color Reconstruction of Color Holography; Novel Image Color Difference Metric with Chromatic Adaptation Transform; Comparative Studies of Two Metameric Black Spectral Dimension Reduction Methods Based on Color Difference Optimization; Influence of the Parameters of Light Source on Observers' Visual Performance; Growth and Holographic Storage Properties of Zr:Mn:Fe:LiNbO3 Crystal; Chapter 2: Image Processing Technology; Analysis of Dot Micro-Morphology for Image Replication Quality Evaluation 327 $aAn Automatic Calculation Method of MTF and the Application in Blurred Images RestorationAn Image Anti-Forgery Algorithm Based on Conceal Zone Special Halftoning; An Improved Print-Scan Resistant Watermarking Scheme; Research on the Character and Line Quality Evaluation Model Based on Human Visual System; Researches on Text Image Watermarking Scheme Based on the Structure of Character Glyph; A Novel Approach of Edge Detection Based on Gray Correlation Degree and Kirsch Operator; A Novel Digital Watermark Algorithm Based on a Fingerprint Image 327 $aA Blind Watermarking Algorithm Using DWT and DCT Techniques for Color Image 330 $aCollection of selected, peer reviewed papers from the 2014 3rd China Academic Conference on Printing and Packaging, October 24-25, 2014, Beijing, China. The 118 papers are grouped as follows: Chapter 1: Color and Optical Science and Technology; Chapter 2: Image Processing Technology; Chapter 3: Applied Information Technologies in Digital Publishing; Chapter 4: Printing Engineering Technology; Chapter 5: Packaging Engineering Technology; Chapter 6: Food Packaging and Preservation; Chapter 7: Printing and Packaging Equipment; Chapter 8: Paper and Related Material Technology; Chapter 9: Ink and R 410 0$aApplied mechanics and materials ;$vv. 731. 606 $aPackage goods industry$vCongresses 606 $aPackage printing$vCongresses 606 $aPackaging$xTechnological innovations$vCongresses 615 0$aPackage goods industry 615 0$aPackage printing 615 0$aPackaging$xTechnological innovations 676 $a664.09 702 $aOuyang$b Yun 702 $aMin$b Xu 702 $aLi$b Yang 702 $aXunting$b Liu 801 0$bMiAaPQ 801 1$bMiAaPQ 801 2$bMiAaPQ 906 $aBOOK 912 $a9910787599403321 996 $aAdvanced printing and packaging materials and technologies$93723924 997 $aUNINA